Online Catalogue and eLibrary

Ethics: (Record no. 1590)

MARC details
000 -LEADER
fixed length control field 00617nam a2200241Ia 4500
005 - DATE AND TIME OF LATEST TRANSACTION
control field 20250122053044.0
008 - FIXED-LENGTH DATA ELEMENTS--GENERAL INFORMATION
fixed length control field 240331s9999 xx 000 0 und d
020 ## - INTERNATIONAL STANDARD BOOK NUMBER
ISBN 0631178317
082 ## - DDC Classification
Item Number - Author Mark FRA
DDC Edition Number 1092
Class No. 305.4
245 #0 - TITLE STATEMENT
Title Ethics:
Remainder of title A Feminist Reader
260 ## - PUBLICATION, DISTRIBUTION, ETC.
Place of publication, distribution, etc. Oxford
Name of publisher, distributor, etc. Blackwell Publishers
Date of publication, distribution, etc. 1992
260 ## - PUBLICATION, DISTRIBUTION, ETC.
Place of publication, distribution, etc. Massachusetts
Name of publisher, distributor, etc. Three Cambridge Center
Date of publication, distribution, etc. 1992
300 ## - PHYSICAL DESCRIPTION
Extent (e.g. Volumes, Pages etc.) xi, 500 p.,
650 ## - SUBJECT ADDED ENTRY--TOPICAL TERM
Topical term or geographic name entry element Women
650 ## - SUBJECT ADDED ENTRY--TOPICAL TERM
Topical term or geographic name entry element Birth Control
650 ## - SUBJECT ADDED ENTRY--TOPICAL TERM
Topical term or geographic name entry element Gender
650 ## - SUBJECT ADDED ENTRY--TOPICAL TERM
Topical term or geographic name entry element Feminism
650 ## - SUBJECT ADDED ENTRY--TOPICAL TERM
Topical term or geographic name entry element Morality
700 ## - ADDED ENTRY--PERSONAL NAME
Personal name Frazer, E
Relator term (Role) Editor
700 ## - ADDED ENTRY--PERSONAL NAME
Personal name Hornsby, J
Relator term (Role) Editor
700 ## - ADDED ENTRY--PERSONAL NAME
Personal name Lovibond, S
Relator term (Role) Editor
942 ## - Koha item type (Biblio)
Koha item type Books in Stacks (Lending)
Holdings
Lost status Damaged status Collection code Home library Current library Shelving location Date acquired Full call number Accession Number Item type
    Lending WERC Library WERC Library Social Science Cupboard 03/31/2024 305.4 ETH 1092 Books in Stacks (Lending)

© WERC Library